Señores de los imperios del sol / (Registro nro. 63311)

Detalles MARC
000 -LEADER
campo de control de longitud fija 03745nam a22005654i 4500
003 - IDENTIFICADOR DE NÚMERO DE CONTROL
campo de control PE-LiUPU
005 - FECHA Y HORA DE LA ÚLTIMA TRANSACCIÓN
campo de control 20260219175031.0
008 - DATOS DE LONGITUD FIJA--INFORMACIÓN GENERAL
campo de control de longitud fija 100101s2010 pe a b 001 0 spa d
020 ## - NÚMERO INTERNACIONAL ESTÁNDAR DEL LIBRO
Número Internacional Estándar del Libro 9789972837210
040 ## - FUENTE DE CATALOGACIÓN
Centro catalogador/agencia de origen PE-LiUPU
Lengua de catalogación spa
Normas de descripción RDA
Centro/agencia transcriptor PE-LiUPU
041 0# - CÓDIGO DE IDIOMA
Código de lengua del texto/banda sonora o título independiente spa
082 04 - NÚMERO DE LA CLASIFICACIÓN DECIMAL DEWEY
Número de clasificación 985.012
Cutter M235s
Número de edición 23
245 10 - MENCIÓN DEL TÍTULO
Título Señores de los imperios del sol /
Mención de responsabilidad, etc. Krzysztof Makowski, compilador.
264 #1 - PRODUCCIÓN, PUBLICACIÓN, DISTRIBUCIÓN, FABRICACIÓN Y COPYRIGHT
Producción, publicación, distribución, fabricación y copyright Lima :
Nombre del de productor, editor, distribuidor, fabricante Banco de Crédito,
Fecha de producción, publicación, distribución, fabricación o copyright 2010.
300 ## - DESCRIPCIÓN FÍSICA
Extensión 321 páginas :
Otras características físicas ilustraciones a color ;
Dimensiones 30 cm
336 ## - TIPO DE CONTENIDO
Término de tipo de contenido text
Fuente rdacontent
337 ## - TIPO DE MEDIO
Nombre/término del tipo de medio unmediated
Fuente rdamedia
338 ## - TIPO DE SOPORTE
Nombre/término del tipo de soporte volume
Fuente rdacarrier
490 1# - MENCIÓN DE SERIE
Mención de serie Colección Arte y Tesoros del Perú
504 ## - NOTA DE BIBLIOGRAFÍA, ETC.
Nota de bibliografía, etc. Incluye bibliografía (páginas 299-316), notas e índice.
505 0# - NOTA DE CONTENIDO CON FORMATO
Nota de contenido con formato En la cuna de los imperios -- El Sur y el Norte de los Andes Centrales -- Estados, identidades sociales y culturas -- Arquitectura del poder -- La imagen social del señor -- I. Señoríos y Estados en los Andes del Sur -- Los hombres guerreros y las mujeres alfareras: cambios sociales tras el ocaso de Chavín -- Curacas y guerreros en la costa sur del Perú -- El surgimiento del urbanismo en Tiwanaku y el poder político en el altiplano andino -- Vestido, arquitectura y mecanismos del poder en el Horizonte Medio -- Señores y reyes en los Andes o Del concepto y atributos del soberano andino -- La administración del estado inca por medio de los quipus -- Los señores del quinto sol: el poder material e inmaterial en el Tahuantinsuyu -- II. Los espacios del poder -- Los espacios de poder y el culto de los ancestros en el Imperio Huari -- Plataformas, plazas y palacios en Tiwanaku, Bolivia (500-1000 d.C.) -- Los centros administrativos huari y las manifestaciones físicas del poder imperial -- Palacios yungas y racionalidad andina en la costa central prehispánica -- Las casas del Sapa Inca -- Los centros administrativos incas -- III. La imagen y el atuendo del Señor -- La imagen de los Señores de Huari y la recuperación de una identidad antigua -- Paracas: liderazgo social, memoria histórica y lo sagrado en la necrópolis de Wari Kayan -- Los unkus de los señores del sur: Huari y Tiahuanaco -- Vestidos de la nobleza en los Andes centro y centro-sur en los periodos tardíos -- Los vestidos del Sapa Inca, la Coya y los nobles del imperio.
650 28 - PUNTO DE ACCESO ADICIONAL DE MATERIA--TÉRMINO DE MATERIA
Término de materia o nombre geográfico como elemento de entrada Cultura Huari
9 (RLIN) 4339
650 28 - PUNTO DE ACCESO ADICIONAL DE MATERIA--TÉRMINO DE MATERIA
Término de materia o nombre geográfico como elemento de entrada Cultura Tiahuanaco
9 (RLIN) 4486
650 28 - PUNTO DE ACCESO ADICIONAL DE MATERIA--TÉRMINO DE MATERIA
Término de materia o nombre geográfico como elemento de entrada Arquitectura Indígena
Subdivisión geográfica Perú
9 (RLIN) 568
650 28 - PUNTO DE ACCESO ADICIONAL DE MATERIA--TÉRMINO DE MATERIA
Término de materia o nombre geográfico como elemento de entrada Cerámica peruana
Subdivisión cronológica Época Prehispánica
9 (RLIN) 8182
650 28 - PUNTO DE ACCESO ADICIONAL DE MATERIA--TÉRMINO DE MATERIA
Término de materia o nombre geográfico como elemento de entrada Indígenas del Perú
Subdivisión general Religión y mitología.
Subdivisión cronológica Época Prehispánica
9 (RLIN) 4357
651 18 - PUNTO DE ACCESO ADICIONAL DE MATERIA--NOMBRE GEOGRÁFICO
Nombre geográfico Perú
Subdivisión general Historia
Subdivisión cronológica Época Prehispánica.
9 (RLIN) 4340
700 ## - ENTRADA AGREGADA--NOMBRE PERSONAL
Nombre de persona Makowski, Krzysztof,
Término indicativo de función/relación compilador.
9 (RLIN) 8128
700 ## - ENTRADA AGREGADA--NOMBRE PERSONAL
Nombre de persona Proulx, Donald A.,
Término indicativo de función/relación autor.
9 (RLIN) 8129
700 ## - ENTRADA AGREGADA--NOMBRE PERSONAL
Nombre de persona Janusek, John W.,
Término indicativo de función/relación autor.
9 (RLIN) 8130
700 ## - ENTRADA AGREGADA--NOMBRE PERSONAL
Nombre de persona Ziółkowski, Mariusz,
Término indicativo de función/relación autor.
9 (RLIN) 8131
700 ## - ENTRADA AGREGADA--NOMBRE PERSONAL
Nombre de persona Urton, Gary,
Término indicativo de función/relación autor.
9 (RLIN) 8132
700 ## - ENTRADA AGREGADA--NOMBRE PERSONAL
Nombre de persona D'Altroy, Terence N.,
Término indicativo de función/relación autor.
9 (RLIN) 8133
700 ## - ENTRADA AGREGADA--NOMBRE PERSONAL
Nombre de persona Ochatoma, José,
Término indicativo de función/relación autor.
9 (RLIN) 8134
700 ## - ENTRADA AGREGADA--NOMBRE PERSONAL
Nombre de persona Cabrera, Martha,
Término indicativo de función/relación autor.
9 (RLIN) 8135
700 ## - ENTRADA AGREGADA--NOMBRE PERSONAL
Nombre de persona Vranich, Alexei,
Término indicativo de función/relación autor.
9 (RLIN) 8136
700 ## - ENTRADA AGREGADA--NOMBRE PERSONAL
Nombre de persona Schreiber, Katharina,
Término indicativo de función/relación autor.
9 (RLIN) 8137
700 ## - ENTRADA AGREGADA--NOMBRE PERSONAL
Nombre de persona Edwards, Matthew J.,
Término indicativo de función/relación autor.
9 (RLIN) 8138
700 ## - ENTRADA AGREGADA--NOMBRE PERSONAL
Nombre de persona Villacorta, Luis Felipe,
Término indicativo de función/relación autor.
9 (RLIN) 8139
700 ## - ENTRADA AGREGADA--NOMBRE PERSONAL
Nombre de persona Hernández, Carla,
Término indicativo de función/relación autor.
9 (RLIN) 8140
700 ## - ENTRADA AGREGADA--NOMBRE PERSONAL
Nombre de persona Santillana, Julián I.,
Término indicativo de función/relación autor.
9 (RLIN) 8141
700 ## - ENTRADA AGREGADA--NOMBRE PERSONAL
Nombre de persona Knobloch, Patricia J.,
Término indicativo de función/relación autor.
9 (RLIN) 8142
700 ## - ENTRADA AGREGADA--NOMBRE PERSONAL
Nombre de persona Peters, Ann,
Término indicativo de función/relación autor.
9 (RLIN) 8143
700 ## - ENTRADA AGREGADA--NOMBRE PERSONAL
Nombre de persona Young-Sánchez, Margaret,
Término indicativo de función/relación autor.
9 (RLIN) 8144
700 ## - ENTRADA AGREGADA--NOMBRE PERSONAL
Nombre de persona Frame, Mary,
Término indicativo de función/relación autor.
9 (RLIN) 8145
710 2# - ENTRADA AGREGADA--NOMBRE DE ENTIDAD CORPORATIVA
Nombre de entidad corporativa o nombre de jurisdicción como elemento de entrada Banco de Crédito (Perú),
Término indicativo de función/relación editor.
830 #0 - PUNTO DE ACCESO ADICIONAL DE SERIE-TÍTULO UNIFORME
Título uniforme Arte y tesoros del Perú.
942 ## - ELEMENTOS DE ENTRADA SECUNDARIOS (KOHA)
Fuente del sistema de clasificación o colocación Clasificación Decimal Dewey
Tipo de ítem Koha Libros físicos
980 ## - EQUIVALENCIA O REFERENCIA-CRUZADA-MENCIÓN DE SERIE--NOMBRE DE PERSONA/TÍTULO [LOCAL, CANADÁ]
ID del usuario creador del registro 18228
Nombre del creador del registro Rebeca Esther Huerta Leyton
ID del último usuario que modificó el registro 18226
Nombre del último usuario que modificó el registro Jaime Vilcazán Jefe de Análisis Documental
Existencias
Visto por última vez Total de préstamos Signatura topográfica completa Código de barras Copia número Coste, precio de reemplazo Fecha de reemplazo Facultad Tipo de ítem Koha Estado de pérdida Fuente del sistema de clasificación o colocación Restricciones de uso No para préstamo Colección Programa académico Biblioteca de origen Biblioteca actual Ubicación en estantería Fecha de adquisición Fuente de adquisición
2026-03-15   985.012 M235s 83117 e1 115.50 2026-02-18 FACIHED Libros físicos No Perdido Clasificación Decimal Dewey No restringido Disponible para préstamos Colección General Educación primaria Biblioteca CRAI UPeU Lima Biblioteca CRAI UPeU Lima Sala principal 2025-12-10 Donación, David Echevarría